El universo y la búsqueda de la teoría unificada del campo /

Guardado en:
Bibliografiske detaljer
Hovedforfatter: Jlópov, Maksim Iúrievich (autor)
Format: Bog
Sprog:spansk
Udgivet: Moscú, Rusia : URSS, 1996, c1996
Serier:(Divulgación Científica URSS ; 1)
Fag:
Tags: Tilføj Tag
Ingen Tags, Vær først til at tagge denne postø!

MARC

LEADER 00000nam^a2200000^a^4500
001 000193854
005 20250521000000.0
009 20260310102657.672
020 |a 5-88417-003-3 
037 |a Acervo ITESO - Biblioteca 
041 |a ESP 
082 |a 530. 142  |b JLO 
100 |a Jlópov, Maksim Iúrievich  |e (autor) 
245 1 3 |a El universo y la búsqueda de la teoría unificada del campo /  |c M.I. Jlópov ; pról. de Iá B. Zieldóvich ; tr. por Domingo Marín Ricoy, Guillermo Peña Feria, Luis Rodríguez García. 
264 4 |a Moscú, Rusia :  |b URSS,  |c 1996, c1996 
300 |a 87 p. 
336 |a texto  |b txt  |2 rdacontenido 
337 |a sin mediación  |b n  |2 rdamedio 
338 |a volumen  |b nc  |2 rdasoporte 
440 1 |a (Divulgación Científica URSS ;  |v 1) 
649 |a XX 
650 |a Teorías del Campo Unificado -  |x Tema Principal 
650 |a Teoría de Campos (Física) 
650 |a Partículas (Física Nuclear) 
650 |a Astrofísica 
650 |a Física Nuclear 
910 |a Fondo General 
920 |a Impresos - Libros 
930 |a Colección General 
905 |a 101 
901 |a 0500138523  |b IT1  |c ACC  |u 20250521 
902 |a https://opac.biblio.iteso.mx/vufind/Record/000193854